<?xml version="1.0" encoding="UTF-8"?>
<marc:record xmlns:marc="http://www.loc.gov/MARC21/slim">
   <marc:leader>00000nam a2200000 a 4500</marc:leader>
   <marc:datafield ind1="1" ind2=" " tag="100">
      <marc:subfield code="a">Eberlen, Kate</marc:subfield>
      <marc:subfield code="4">aut</marc:subfield>
      <marc:subfield code="e">Verfasser/-in</marc:subfield>
   </marc:datafield>
   <marc:datafield ind1="0" ind2="0" tag="245">
      <marc:subfield code="a">Only you - alles beginnt in Rom</marc:subfield>
   </marc:datafield>
   <marc:datafield ind1="0" ind2="0" tag="245">
      <marc:subfield code="b">Roman</marc:subfield>
   </marc:datafield>
   <marc:datafield ind1=" " ind2="1" tag="264">
      <marc:subfield code="b">Diana</marc:subfield>
      <marc:subfield code="c">2020</marc:subfield>
   </marc:datafield>
   <marc:datafield ind1="1" ind2=" " tag="520">
      <marc:subfield code="a">Letty hat für ihr zartes Alter schon viel durchgemacht, als sie London verlässt und in die Heimatstadt ihrer Großmutter flieht. Auch Alf ist als Fremder in Rom gestrandet und lebt ziellos in den Tag hinein. In der lauten und leidenschaftlichen Stadt begegnen sich die beiden im Italienischkurs und können die Augen nicht voneinander lassen. Sie ist zerbrechlich und still, er lebhaft und selbstbewusst. Auch wenn sie eine Muttersprache teilen, fehlen ihnen die richtigen Worte füreinander. Erst im Tanz findet das ungleiche Paar eine Sprache, die es verbindet. Doch bevor sich ihre Liebe entfalten kann, werden beide von dem eingeholt, was sie hinter sich lassen wollten.</marc:subfield>
   </marc:datafield>
   <marc:datafield ind1=" " ind2=" " tag="020">
      <marc:subfield code="a">9783453292390</marc:subfield>
      <marc:subfield code="9">9783453292390</marc:subfield>
   </marc:datafield>
</marc:record>
